Score 0/17 Timer 03:00
0 Plays Today
Landmark Estate Name % Correct
Spread EagleGreat Oakley
78.7%
The Lincoln PubLincoln
78.7%
Talisman pubDanesholme
76.6%
Club 2000Exeter
76.6%
The PhoenixBeanfield
68.1%
Sports CentreLodge Park
64.9%
New buildsOakley Vale
63.8%
Shire HorseShire Lodge
61.7%
PrimarkTown Centre
60.6%
Landmark Estate Name % Correct
The Square PegKingswood
57.4%
StormOld Village
54.3%
The GeorgeWeldon
42.6%
Open HearthLloyds
38.3%
The PlutoHazel Leys
24.5%
Pen Green CentreStevensons Way
23.4%
MorrisonsPoppyfields
16%
Harpers BrookSnatchill
13.8%

You're not logged in!

Compare scores with friends on all Sporcle quizzes.
OR
Log In

Sporcle TV

Today on Sporcle TV


Watch our educational content, quiz creation guides, and fun videos on Sporcle TV.

Show Comments

Extras

Top Quizzes Today


Score Distribution

Paid Content

Your Account Isn't Verified!

In order to create a playlist on Sporcle, you need to verify the email address you used during registration. Go to your Sporcle Settings to finish the process.

Report this User

Report this user for behavior that violates our Community Guidelines.

Details: